000 00271nam a2200121Ia 4500
008 190216s9999||||xx |||||||||||||| ||und||
100 _aPottakadu S K
245 0 _aBali Dweep
260 _bAmina Book Stall
_c1989
300 _a241 pages
650 _aNovel
942 _cBK
999 _c25259
_d25259